00673nam a2200157Ia 4500008004100000100001700041245011500058245012300173260005900296260000900355650001800364650001500382856002600397999001900423952007300442170221s9999 xx 000 0 und d aRajiv Aricat 4aThe Influence of Art on Singaporean Tertiary Undergraduates’ Acculturation Attitude towards Migrant Workers  cRajiv Aricat, Aw Qinxin, Mok Li Lin Beatrice, Sarah Amnah Bte Zaihan, Sharifah Nadzirah binte Syed Zulkifli, Arul Chib bOnline Journal of Communication and Media Technologies c2016 xCommunication xMedia Arts uhttp://www.ojcmt.net/ c309098d309098 001040aCLbCLd2017-02-21l0r2017-02-21 00:00:00w2017-02-21yFOJ